000 00635nam a22001457a 4500
020 _a978-1-784-87238-0
082 _a823
_bKIP/J
100 _aKIPLING, RUDYARD
245 _aTHE JUNGLE BOOK
260 _aLONDON
_bVINTAGE BOOKS
_c2016
300 _a228
520 _aThe Jungle Book by Rudyard Kipling is an adventure story about a man-cub named Mowgli. Mowgli is hunted by an evil tiger named Shere Khan. Mowgli tries to live a peaceful life with other humans, but is too wild for them and too human for the wolves. Eventually Mowgli finds a home in the jungle with a pack of his own.
650 _aNOVEL
_zUNITED KINGDOM
942 _cBK
999 _c3474
_d3474